[Event "Wch Disabilities 5th"]
[Site "Lublin"]
[Date "2023.08.21"]
[Round "3"]
[White "Suder, Ryszard"]
[Black "Piekielny, Pawel"]
[Result "0-1"]
[WhiteElo "1969"]
[BlackElo "2225"]
[PlyCount "78"]
[EventDate "2023.08.19"]
[EventType "swiss"]
[EventRounds "9"]
[EventCountry "POL"]
[SourceTitle "CBM 215 Extra"]
[Source "ChessBase"]
[SourceDate "2023.09.30"]
[SourceVersion "1"]
[SourceVersionDate "2023.09.30"]
[SourceQuality "1"]

1. Nf3 Nf6 2. g3 e6 3. Bg2 d5 4. 0-0 Be7 5. d4 0-0 6. c4 dxc4 7. Qc2 a6 8. Qxc4 b5 9. Qc2 Bb7 10. Bg5 Nc6 11. e3 Nb4 12. Qd1 c5 13. Nc3 h6 14. Bxf6 Bxf6 15. a3 cxd4 16. Nxd4 Bxg2 17. Kxg2 Bxd4 18. exd4 Nd5 19. Qf3 Nxc3 20. bxc3 Qa5 21. Rfb1 Rac8 22. a4 Rxc3 23. axb5 Qxa1 24. Rxa1 Rxf3 25. Kxf3 axb5 26. Rb1 Rb8 27. Ke4 Kf8 28. Rb2 Ke7 29. d5 Kd6 30. dxe6 Kxe6 31. g4 b4 32. Rb3 g5 33. h3 Rb7 34. f3 Rb8 35. Kd4 Kd6 36. Ke4 Kc5 37. Kf5 Kc4 38. Rb1 b3 39. f4 Rb5+ 0-1

[Event "Wch Disabilities 5th"]
[Site "Lublin"]
[Date "2023.08.20"]
[Round "2"]
[White "Vanek, Jakub"]
[Black "Suder, Ryszard"]
[Result "0-1"]
[WhiteElo "1593"]
[BlackElo "1969"]
[PlyCount "98"]
[EventDate "2023.08.19"]
[EventType "swiss"]
[EventRounds "9"]
[EventCountry "POL"]
[SourceTitle "CBM 215 Extra"]
[Source "ChessBase"]
[SourceDate "2023.09.30"]
[SourceVersion "1"]
[SourceVersionDate "2023.09.30"]
[SourceQuality "1"]

1. e4 Nf6 2. e5 Nd5 3. d4 d6 4. c4 Nb6 5. exd6 cxd6 6. Nc3 g6 7. Be3 Bg7 8. h3 0-0 9. Nf3 Nc6 10. b3 d5 11. c5 Nd7 12. Nxd5 Nxc5 13. Rc1 Ne4 14. Bc4 Be6 15. Nc3 Nxc3 16. Rxc3 Bd5 17. Bxd5 Qxd5 18. Rc5 Qd6 19. 0-0 b6 20. Rc2 Nb4 21. Rd2 Nd5 22. Bg5 e6 23. Bh4 Rac8 24. Bg3 Qb4 25. Be5 Bh6 26. Rc2 Rc3 27. Rxc3 Qxc3 28. Nh2 f5 29. f4 Rc8 30. Rf2 Qc1 31. Qxc1 Rxc1+ 32. Nf1 Kf7 33. g3 Ke7 34. Kg2 Kd7 35. Re2 Bf8 36. Nh2 Nc3 37. Rd2 Bb4 38. Nf3 Ne4 39. Re2 Nc3 40. Rd2 Ne4 41. Re2 Be7 42. g4 Nc3 43. Rd2 Ne4 44. Re2 Kc6 45. gxf5 exf5 46. Nh2 Bb4 47. Nf1 Nc3 48. Rd2 Kd5 49. Kf2 Ne4+ 0-1

[Event "Wch Disabilities 5th"]
[Site "Lublin"]
[Date "2023.08.19"]
[Round "1"]
[White "Suder, Ryszard"]
[Black "Solomna, Svitlana"]
[Result "1/2-1/2"]
[WhiteElo "1969"]
[BlackElo "1413"]
[PlyCount "107"]
[EventDate "2023.08.19"]
[EventType "swiss"]
[EventRounds "9"]
[EventCountry "POL"]
[SourceTitle "CBM 215 Extra"]
[Source "ChessBase"]
[SourceDate "2023.09.30"]
[SourceVersion "1"]
[SourceVersionDate "2023.09.30"]
[SourceQuality "1"]

1. Nf3 d5 2. g3 Nf6 3. Bg2 e6 4. 0-0 Be7 5. d4 0-0 6. c4 c6 7. Qc2 Nbd7 8. Nbd2 Re8 9. b3 Nf8 10. Bb2 Ng6 11. Rad1 Qc7 12. Rfe1 Bd7 13. e4 dxe4 14. Nxe4 Nxe4 15. Qxe4 Bf6 16. Ne5 Nxe5 17. dxe5 Be7 18. h4 Bc5 19. Bd4 Bb4 20. Rf1 b6 21. Be3 Rad8 22. Bg5 Be7 23. Bxe7 Rxe7 24. Rd6 f5 25. Qd3 Rf8 26. Rd1 Be8 27. f4 c5 28. Bf3 g6 29. Kf2 Kg7 30. Qe2 Rff7 31. R1d2 Rf8 32. Bg2 Rff7 33. Rd8 Bc6 34. Bxc6 Qxc6 35. Qf3 Qxf3+ 36. Kxf3 Rf8 37. R8d6 Rff7 38. Rc6 Rf8 39. Rdd6 Kf7 40. a3 h6 41. b4 cxb4 42. axb4 Rb8 43. b5 Rbe8 44. Rd4 Rb8 45. Ke3 Rbb7 46. Kd3 Rbd7 47. Rcd6 Rxd6 48. Rxd6 Ke8 49. Kc3 Kf7 50. Kb4 Rc7 51. Rd8 Kg7 52. Kc3 Kf7 53. Kd4 Kg7 54. Rd6 1/2-1/2

[Event "IBCA World-chT blind 9th"]
[Site "Ohrid"]
[Date "2022.06.28"]
[Round "1.1"]
[White "Suder, Ryszard"]
[Black "Berisha, Xhafer"]
[Result "1-0"]
[WhiteElo "2084"]
[BlackElo "1440"]
[PlyCount "77"]
[EventDate "2022.06.28"]
[EventType "team-swiss"]
[EventRounds "9"]
[EventCountry "MKD"]
[SourceTitle "EXT 2024"]
[Source "ChessBase"]
[SourceDate "2023.10.10"]
[SourceVersion "1"]
[SourceVersionDate "2023.10.10"]
[SourceQuality "1"]
[WhiteTeam "Poland"]
[BlackTeam "Kosovo"]
[WhiteTeamCountry "POL"]
[BlackTeamCountry "KOS"]

1. Nf3 e6 2. g3 Nf6 3. Bg2 d5 4. 0-0 h6 5. d4 c5 6. c4 Nc6 7. Nc3 Be7 8. cxd5 exd5 9. Bf4 a6 10. dxc5 Bxc5 11. Rc1 Be7 12. Nd4 Nxd4 13. Qxd4 Be6 14. Rfd1 0-0 15. Nxd5 Nxd5 16. Bxd5 Bxd5 17. Qxd5 Qb6 18. Qd4 Qb5 19. Qc4 Qxb2 20. Rb1 b5 21. Qxf7+ Rxf7 22. Rxb2 Bc5 23. Rd5 Be7 24. Rc2 Rf6 25. Rd7 Re8 26. Be5 Re6 27. Bd4 Bf6 28. Bxf6 gxf6 29. e3 R8e7 30. Rxe7 Rxe7 31. Rc6 a5 32. Rxf6 Kg7 33. Rb6 Re5 34. Kf1 h5 35. Ke2 b4 36. Kd3 Rd5+ 37. Kc2 Kf7 38. Ra6 Rf5 39. f4 1-0

[Event "IBCA EU-chT blind 2nd"]
[Site "Calimanesti"]
[Date "2019.10.11"]
[Round "7.2"]
[White "Suder, Ryszard"]
[Black "Grigorchuk, Sergey"]
[Result "1/2-1/2"]
[WhiteElo "2073"]
[BlackElo "2212"]
[PlyCount "69"]
[EventDate "2019.10.05"]
[EventType "team-swiss"]
[EventRounds "9"]
[EventCountry "ROU"]
[SourceTitle "CBM 192 Extra"]
[Source "Chessbase"]
[SourceDate "2019.11.06"]
[SourceVersion "1"]
[SourceVersionDate "2019.11.06"]
[SourceQuality "1"]
[WhiteTeam "Poland"]
[BlackTeam "Ukraine"]
[WhiteTeamCountry "POL"]
[BlackTeamCountry "UKR"]

1. Nf3 Nf6 2. g3 g6 3. b3 Bg7 4. Bb2 0-0 5. Bg2 d6 6. d4 c6 7. 0-0 Qa5 8. Qd2 Qxd2 9. Nbxd2 Bf5 10. Ne1 d5 11. Nd3 Nbd7 12. Rfe1 Ne4 13. Rad1 c5 14. Nxe4 dxe4 15. Ne5 Rfd8 16. g4 Be6 17. Nxd7 Rxd7 18. d5 Bxd5 19. Bxg7 Kxg7 20. Bxe4 Rad8 21. Bxd5 Rxd5 22. Rd3 Kf6 23. Kg2 h5 24. h3 hxg4 25. hxg4 Kg5 26. Kg3 e5 27. Red1 Rd4 28. f3 f5 29. gxf5 gxf5 30. Rg1 Rh8 31. Kf2+ Kf6 32. Ke3 b5 33. Kd2 a5 34. c3 Rxd3+ 35. Kxd3 1/2-1/2

[Event "IBCA EU-chT blind 2nd"]
[Site "Calimanesti"]
[Date "2019.10.06"]
[Round "2.2"]
[White "Suder, Ryszard"]
[Black "Rev, Miklos"]
[Result "1-0"]
[WhiteElo "2073"]
[BlackElo "1990"]
[PlyCount "77"]
[EventDate "2019.10.05"]
[EventType "team-swiss"]
[EventRounds "9"]
[EventCountry "ROU"]
[SourceTitle "CBM 192 Extra"]
[Source "Chessbase"]
[SourceDate "2019.11.06"]
[SourceVersion "1"]
[SourceVersionDate "2019.11.06"]
[SourceQuality "1"]
[WhiteTeam "Poland"]
[BlackTeam "Hungary"]
[WhiteTeamCountry "POL"]
[BlackTeamCountry "HUN"]

1. Nf3 Nf6 2. g3 g6 3. b3 Bg7 4. Bb2 0-0 5. Bg2 d6 6. d4 c5 7. 0-0 Qc7 8. c4 cxd4 9. Nxd4 Nc6 10. Nc3 Bd7 11. Nc2 a6 12. Ne3 Rfe8 13. Qd2 Rab8 14. Rac1 Qa5 15. a3 Qh5 16. Ncd5 Nxd5 17. cxd5 Ne5 18. f4 Ng4 19. Nxg4 Bxg4 20. Bxg7 Kxg7 21. Rc2 Rbc8 22. Rfc1 Rxc2 23. Rxc2 f6 24. Rc7 b6 25. Qe3 Kf7 26. Bf3 Bxf3 27. Qxf3 Qxf3 28. exf3 f5 29. Kf2 Kf6 30. Ke3 h6 31. Rb7 b5 32. Ra7 Rc8 33. Kd4 e5+ 34. dxe6 Kxe6 35. Rxa6 Rc5 36. Ra5 Rd5+ 37. Ke3 Rc5 38. Kd3 Kd5 39. b4 1-0

[Event "IBCA Wch blind 14th"]
[Site "Cagliari"]
[Date "2019.04.12"]
[Round "7"]
[White "Suder, Ryszard"]
[Black "Komissarov, Alexey"]
[Result "1/2-1/2"]
[WhiteElo "2052"]
[BlackElo "2207"]
[PlyCount "116"]
[EventDate "2019.04.06"]
[EventType "swiss"]
[EventRounds "9"]
[EventCountry "ITA"]
[SourceTitle "CBM 189 Extra"]
[Source "ChessBase"]
[SourceDate "2019.06.03"]
[SourceVersion "1"]
[SourceVersionDate "2019.06.03"]
[SourceQuality "1"]

1. Nf3 Nf6 2. d4 g6 3. Nc3 d5 4. Bf4 Bg7 5. e3 0-0 6. h3 c5 7. Be2 Nc6 8. 0-0 Ne4 9. Na4 cxd4 10. exd4 Bd7 11. c4 dxc4 12. Bxc4 Nxd4 13. Nxd4 Bxa4 14. Qxa4 Qxd4 15. Rad1 Qxb2 16. Bxf7+ Rxf7 17. Qxe4 Raf8 18. Be3 Qxa2 19. Qxb7 a5 20. Rd7 a4 21. Rfd1 Qb3 22. Rb1 Qxb7 23. Rbxb7 e6 24. Bc5 Rxd7 25. Rxd7 Ra8 26. Rd3 Bb2 27. Ba3 Bxa3 28. Rxa3 Kf8 29. Kf1 Ke7 30. Ke2 Kd6 31. Kd3 Kc5 32. Kc3 e5 33. Kb2 Ra7 34. Rd3 e4 35. Re3 Kd4 36. Re2 g5 37. Ka3 Kd3 38. Re3+ Kd4 39. Re2 h6 40. Re3 Rf7 41. Re2 Ra7 42. Re3 Rb7 43. Re2 Rb1 44. Kxa4 Rg1 45. g3 Rh1 46. Kb4 Rxh3 47. Rd2+ Ke5 48. Kc4 Rh1 49. Rd5+ Ke6 50. Ra5 Rh2 51. Kd4 Rxf2 52. Kxe4 Kf6 53. Ra6+ Kg7 54. Rb6 Rf6 55. Rb1 Kg6 56. Ke5 g4 57. Ke4 Rf3 58. Rb6+ Rf6 1/2-1/2

[Event "IBCA Wch blind 14th"]
[Site "Cagliari"]
[Date "2019.04.06"]
[Round "1"]
[White "Suder, Ryszard"]
[Black "Cizman, Gregor"]
[Result "1-0"]
[WhiteElo "2052"]
[BlackElo "1564"]
[PlyCount "57"]
[EventDate "2019.04.06"]
[EventType "swiss"]
[EventRounds "9"]
[EventCountry "ITA"]
[SourceTitle "CBM 189 Extra"]
[Source "ChessBase"]
[SourceDate "2019.06.03"]
[SourceVersion "1"]
[SourceVersionDate "2019.06.03"]
[SourceQuality "1"]

1. Nf3 Nf6 2. d4 d6 3. Nc3 g6 4. e4 Bg4 5. Be3 Bg7 6. Be2 Nbd7 7. 0-0 c6 8. Qd2 0-0 9. Bh6 Bxf3 10. Bxf3 Qc7 11. Rfe1 Rfe8 12. Rad1 Rad8 13. Bxg7 Kxg7 14. Qe3 b6 15. e5 Ng8 16. h4 dxe5 17. dxe5 Nb8 18. h5 Rxd1 19. Bxd1 e6 20. f4 Rd8 21. Bf3 Ne7 22. Ne4 Nf5 23. Qf2 c5 24. c3 Qe7 25. Nf6 Qc7 26. g4 Ne7 27. Qh4 Ng8 28. hxg6 Nxf6 29. Qxf6+ 1-0

[Event "POL-chT blind"]
[Site "Wagrowiec"]
[Date "2017.10.20"]
[Round "7.8"]
[White "Suder, Ryszard"]
[Black "Niecko, Stanislaw"]
[Result "1/2-1/2"]
[WhiteElo "2061"]
[BlackElo "1822"]
[PlyCount "87"]
[EventDate "2017.10.14"]
[EventType "team-tourn"]
[EventRounds "9"]
[EventCountry "POL"]
[SourceTitle "EXT 2019"]
[Source "ChessBase"]
[SourceDate "2018.10.10"]
[SourceVersion "1"]
[SourceVersionDate "2018.10.10"]
[SourceQuality "1"]

1. Nf3 Nf6 2. g3 b5 3. Bg2 Bb7 4. 0-0 c5 5. d4 e6 6. a4 b4 7. c4 a5 8. Nbd2 d5 9. cxd5 Bxd5 10. Qc2 Nbd7 11. e4 Bb7 12. e5 Nd5 13. Ne4 Rc8 14. Bg5 Qb6 15. dxc5 Bxc5 16. Nxc5 Nxc5 17. Rfe1 0-0 18. Be3 Nxe3 19. Rxe3 h6 20. Rd1 Bd5 21. Nd4 b3 22. Qe2 Bxg2 23. Kxg2 Nxa4 24. Rxb3 Qa7 25. Qb5 Nc5 26. Rc3 Qb7+ 27. Qxb7 Nxb7 28. Nc6 Rc7 29. Ra1 Ra8 30. Ra4 Ra6 31. Rac4 a4 32. Kf3 Rb6 33. Rc2 Rb3+ 34. Ke4 a3 35. bxa3 Rxa3 36. f4 Rd7 37. Nd4 Ra7 38. Rc8+ Kh7 39. R8c7 Nd8 40. Rxa7 Rxa7 41. Rc8 Rd7 42. Nb5 Nb7 43. Rc7 Rxc7 44. Nxc7 1/2-1/2

[Event "W-ch Disabled"]
[Site "Dresden"]
[Date "2017.10.12"]
[Round "6"]
[White "Kozhamuratov, Marat"]
[Black "Suder, Ryszard"]
[Result "1/2-1/2"]
[WhiteElo "1784"]
[BlackElo "2061"]
[PlyCount "56"]
[EventDate "2017.10.06"]
[EventType "swiss"]
[EventRounds "7"]
[EventCountry "GER"]
[SourceTitle "CBM 181 Extra"]
[Source "ChessBase"]
[SourceDate "2017.12.12"]
[SourceVersion "1"]
[SourceVersionDate "2017.12.12"]
[SourceQuality "1"]

1. d4 Nf6 2. Nf3 g6 3. c4 Bg7 4. Nc3 d5 5. Bg5 Ne4 6. Bf4 Nxc3 7. bxc3 0-0 8. e3 c5 9. Be2 dxc4 10. Bxc4 Nc6 11. 0-0 cxd4 12. cxd4 Bf5 13. Rc1 Rc8 14. Qe2 Na5 15. Bd3 Bxd3 16. Qxd3 Qd7 17. h3 Rfd8 18. Qe4 b6 19. Bg5 f6 20. Bf4 e6 21. Qd3 b5 22. Rc3 Nc4 23. Qc2 Bf8 24. Qb3 Na5 25. Qb2 Nc4 26. Qb3 Na5 27. Qb2 Nc4 28. Qb3 Na5 1/2-1/2

[Event "Suwalki Warakomska Memorial-B 1st"]
[Site "Suwalki"]
[Date "2017.08.16"]
[Round "7"]
[White "Suder, Ryszard"]
[Black "Murawko, Katarzyna"]
[Result "1/2-1/2"]
[WhiteElo "2082"]
[BlackElo "1967"]
[PlyCount "36"]
[EventDate "2017.08.11"]
[EventType "swiss"]
[EventRounds "9"]
[EventCountry "POL"]
[SourceTitle "CBM 180 Extra"]
[Source "ChessBase"]
[SourceDate "2017.10.06"]
[SourceVersion "1"]
[SourceVersionDate "2017.10.06"]
[SourceQuality "1"]

1. Nf3 c5 2. c4 g6 3. g3 Bg7 4. Bg2 Nc6 5. Nc3 e6 6. 0-0 Nge7 7. d3 0-0 8. e4 d6 9. Be3 Nd4 10. Qd2 Nec6 11. Bh6 Rb8 12. Bxg7 Kxg7 13. Nxd4 Nxd4 14. f4 f5 15. Rae1 a6 16. exf5 gxf5 17. Ne2 Qf6 18. b3 b5 1/2-1/2

[Event "Suwalki Warakomska Memorial-B 1st"]
[Site "Suwalki"]
[Date "2017.08.15"]
[Round "6"]
[White "Hasinski, Krystian"]
[Black "Suder, Ryszard"]
[Result "0-1"]
[WhiteElo "1904"]
[BlackElo "2082"]
[PlyCount "52"]
[EventDate "2017.08.11"]
[EventType "swiss"]
[EventRounds "9"]
[EventCountry "POL"]
[SourceTitle "CBM 180 Extra"]
[Source "ChessBase"]
[SourceDate "2017.10.06"]
[SourceVersion "1"]
[SourceVersionDate "2017.10.06"]
[SourceQuality "1"]

1. c4 Nf6 2. Nc3 d5 3. cxd5 Nxd5 4. Nf3 g6 5. g3 Bg7 6. Bg2 0-0 7. 0-0 c5 8. Qb3 Nc7 9. d3 Nc6 10. Ne4 b6 11. a3 Be6 12. Qc2 Rc8 13. Bd2 Nb5 14. Rac1 Nbd4 15. Qb1 Nxf3+ 16. Bxf3 Bh3 17. Bg2 Bxg2 18. Kxg2 c4 19. Be3 cxd3 20. exd3 Nd4 21. f3 Qd7 22. Rcd1 Rfd8 23. Rf2 Rc6 24. Qa2 Qd5 25. Qb1 Rdc8 26. Re1 Rc2 0-1

[Event "Suwalki Warakomska Memorial-B 1st"]
[Site "Suwalki"]
[Date "2017.08.14"]
[Round "5"]
[White "Suder, Ryszard"]
[Black "Wacior, Maciej"]
[Result "1/2-1/2"]
[WhiteElo "2082"]
[BlackElo "1912"]
[PlyCount "62"]
[EventDate "2017.08.11"]
[EventType "swiss"]
[EventRounds "9"]
[EventCountry "POL"]
[SourceTitle "CBM 180 Extra"]
[Source "ChessBase"]
[SourceDate "2017.10.06"]
[SourceVersion "1"]
[SourceVersionDate "2017.10.06"]
[SourceQuality "1"]

1. Nf3 d5 2. d4 Nf6 3. g3 Bf5 4. Bg2 h6 5. 0-0 e6 6. c4 c6 7. Qb3 Qb6 8. c5 Qxb3 9. axb3 Bxb1 10. Rxb1 b6 11. b4 Be7 12. Ra1 Nbd7 13. Bf4 0-0 14. Ra6 g5 15. Be3 Rfb8 16. Rfa1 bxc5 17. bxc5 Rxb2 18. Rxa7 Rb1+ 19. Rxb1 Rxa7 20. h4 Ne4 21. hxg5 hxg5 22. Ne5 Nxe5 23. Bxe4 Nd7 24. Bd3 e5 25. dxe5 Bxc5 26. Bxg5 Nxe5 27. Bf6 Nxd3 28. exd3 Ra2 29. d4 Ba3 30. Rb3 Bb2 31. Rb6 Ba1 1/2-1/2

[Event "Suwalki Warakomska Memorial-B 1st"]
[Site "Suwalki"]
[Date "2017.08.12"]
[Round "2"]
[White "Suder, Ryszard"]
[Black "Pytel, Maciej"]
[Result "1/2-1/2"]
[WhiteElo "2082"]
[BlackElo "1967"]
[PlyCount "80"]
[EventDate "2017.08.11"]
[EventType "swiss"]
[EventRounds "9"]
[EventCountry "POL"]
[SourceTitle "CBM 180 Extra"]
[Source "ChessBase"]
[SourceDate "2017.10.06"]
[SourceVersion "1"]
[SourceVersionDate "2017.10.06"]
[SourceQuality "1"]

1. Nf3 h6 2. d4 g5 3. e4 Bg7 4. Nc3 d6 5. Bc4 Nc6 6. d5 Nb8 7. Nd4 c5 8. Nf5 Bxf5 9. exf5 Nf6 10. 0-0 a6 11. a4 Nbd7 12. Qe2 0-0 13. Ne4 Nxe4 14. Qxe4 Rb8 15. Qe2 Nf6 16. a5 Qd7 17. g4 Nh7 18. Ra3 Bf6 19. Rb3 Kg7 20. Bd2 Rfe8 21. Qd3 Nf8 22. f4 Nh7 23. Kg2 Rg8 24. Kh1 Qc7 25. Qe2 Rh8 26. Qe1 Rbg8 27. Bc3 Bxc3 28. Qxc3+ Nf6 29. Be2 Kf8 30. Qd2 Ke8 31. c4 Kd7 32. Ra3 Kc8 33. Qe3 gxf4 34. Qxf4 Rg5 35. Raa1 Kb8 36. Rg1 Nd7 37. Rg3 f6 38. Qd2 Ne5 39. Qc3 Qd7 40. b4 Rc8 1/2-1/2

[Event "IBCA-ol blind 15th"]
[Site "Ohrid"]
[Date "2017.06.27"]
[Round "8.4"]
[White "Aryan, B Joshi"]
[Black "Suder, Ryszard"]
[Result "1/2-1/2"]
[WhiteElo "1703"]
[BlackElo "2095"]
[PlyCount "21"]
[EventDate "2017.06.19"]
[EventType "team-swiss"]
[EventRounds "9"]
[EventCountry "MKD"]
[SourceTitle "CBM 179 Extra"]
[Source "ChessBase"]
[SourceDate "2017.08.23"]
[SourceVersion "1"]
[SourceVersionDate "2017.08.23"]
[SourceQuality "1"]
[WhiteTeam "India"]
[BlackTeam "Poland"]
[WhiteTeamCountry "IND"]
[BlackTeamCountry "POL"]

1. d4 Nf6 2. c4 g6 3. Nc3 d5 4. Nf3 Bg7 5. Bg5 Ne4 6. cxd5 Nxc3 7. bxc3 Qxd5 8. Bf4 c5 9. e3 0-0 10. Be2 cxd4 11. cxd4 1/2-1/2

[Event "IBCA-ol blind 15th"]
[Site "Ohrid"]
[Date "2017.06.21"]
[Round "3.4"]
[White "Ursic, Aleksander"]
[Black "Suder, Ryszard"]
[Result "0-1"]
[WhiteElo "2000"]
[BlackElo "2095"]
[PlyCount "49"]
[EventDate "2017.06.19"]
[EventType "team-swiss"]
[EventRounds "9"]
[EventCountry "MKD"]
[SourceTitle "CBM 179 Extra"]
[Source "ChessBase"]
[SourceDate "2017.08.23"]
[SourceVersion "1"]
[SourceVersionDate "2017.08.23"]
[SourceQuality "1"]
[WhiteTeam "Slovenia"]
[BlackTeam "Poland"]
[WhiteTeamCountry "SLO"]
[BlackTeamCountry "POL"]

1. d4 Nf6 2. c4 g6 3. f3 d5 4. cxd5 Nxd5 5. e4 Nb6 6. Nc3 Bg7 7. Be3 0-0 8. Qd2 Nc6 9. 0-0-0 e5 10. d5 Nd4 11. h4 c6 12. h5 cxd5 13. hxg6 fxg6 14. Bh6 Qf6 15. exd5 Bxh6 16. Qxh6 Rf7 17. Nge2 Nf5 18. Qd2 Nc4 19. Qd3 Nfe3 20. Re1 Bf5 21. Ne4 Bxe4 22. Qxe4 Qb6 23. Qb1 Nxf1 24. Nc3 Ng3 25. Qc2 0-1

[Event "London Classic op 8th"]
[Site "London"]
[Date "2016.12.16"]
[Round "9"]
[White "Boel, Marcel"]
[Black "Suder, Ryszard"]
[Result "1-0"]
[WhiteElo "2219"]
[BlackElo "2123"]
[PlyCount "85"]
[EventDate "2016.12.09"]
[EventType "swiss"]
[EventRounds "9"]
[EventCountry "ENG"]
[SourceTitle "CBM 176 Extra"]
[Source "ChessBase"]
[SourceDate "2017.03.02"]
[SourceVersion "1"]
[SourceVersionDate "2017.03.02"]
[SourceQuality "1"]

1. e4 d6 2. d4 Nf6 3. Nc3 g6 4. Nf3 Bg7 5. h3 0-0 6. Be3 c6 7. a4 Qa5 8. Qd2 e5 9. dxe5 dxe5 10. Bd3 Nbd7 11. 0-0 Qb4 12. a5 Re8 13. Ra4 Qe7 14. b4 Nf8 15. Ne2 Rd8 16. Qc3 Nh5 17. a6 b6 18. Qb3 Ne6 19. Re1 Nhf4 20. Nxf4 Nxf4 21. Bf1 g5 22. g3 Ne6 23. c3 h6 24. Raa1 Nc7 25. Qc2 Be6 26. Red1 Nb5 27. Kh2 Nd6 28. c4 f5 29. c5 bxc5 30. Qxc5 Qc7 31. Rac1 Nxe4 32. Rxd8+ Qxd8 33. Qxc6 Bd5 34. Bc4 Bxc4 35. Qxc4+ Kh8 36. Qc7 Qd5 37. Qb7 Qd8 38. Rc7 Nd6 39. Qc6 Rc8 40. Rxc8 Nxc8 41. Nxe5 Bxe5 42. Qxh6+ Kg8 43. Qe6+ 1-0

[Event "London Classic op 8th"]
[Site "London"]
[Date "2016.12.10"]
[Round "3"]
[White "Skutta, Bernd"]
[Black "Suder, Ryszard"]
[Result "0-1"]
[WhiteElo "1942"]
[BlackElo "2123"]
[PlyCount "114"]
[EventDate "2016.12.09"]
[EventType "swiss"]
[EventRounds "9"]
[EventCountry "ENG"]
[SourceTitle "CBM 176 Extra"]
[Source "ChessBase"]
[SourceDate "2017.03.02"]
[SourceVersion "1"]
[SourceVersionDate "2017.03.02"]
[SourceQuality "1"]

1. d4 Nf6 2. Nf3 g6 3. c4 Bg7 4. Nc3 d5 5. cxd5 Nxd5 6. Bd2 0-0 7. e4 Nb6 8. Be3 Bg4 9. Qd2 Nc6 10. d5 Bxf3 11. gxf3 Ne5 12. Qe2 e6 13. 0-0-0 exd5 14. Nxd5 Nxd5 15. Rxd5 Qh4 16. f4 Ng4 17. Rg1 Nxe3 18. fxe3 Qe7 19. Bg2 Rfd8 20. Rgd1 Rxd5 21. Rxd5 c6 22. Rd3 Rd8 23. e5 Bf8 24. Rxd8 Qxd8 25. Bh3 Qd5 26. Kb1 Qe4+ 27. Kc1 Bc5 28. Kd2 Qb1 29. e6 Qxb2+ 30. Ke1 Bb4+ 31. Kf2 Qxe2+ 32. Kxe2 f5 33. e4 fxe4 34. Ke3 Kg7 35. Kxe4 Kf6 36. f5 Bd6 37. fxg6 hxg6 38. Kd4 Bxh2 39. Kc5 Ke7 40. a4 Bg1+ 41. Kc4 Kd6 42. Bg4 Bf2 43. Bh3 Bh4 44. Bg4 Bd8 45. Bh3 a6 46. Bg4 b5+ 47. axb5 axb5+ 48. Kb4 Be7 49. Bh3 Kc7+ 50. Kb3 Kb6 51. Bg2 c5 52. Be4 g5 53. Bf3 c4+ 54. Kc3 Kc5 55. Kb2 b4 56. Kb1 b3 57. Bd1 Kb4 0-1

[Event "London Classic op 8th"]
[Site "London"]
[Date "2016.12.09"]
[Round "1"]
[White "Melkumyan, Hrant"]
[Black "Suder, Ryszard"]
[Result "1-0"]
[WhiteElo "2633"]
[BlackElo "2123"]
[PlyCount "49"]
[EventDate "2016.12.09"]
[EventType "swiss"]
[EventRounds "9"]
[EventCountry "ENG"]
[SourceTitle "CBM 176 Extra"]
[Source "ChessBase"]
[SourceDate "2017.03.02"]
[SourceVersion "1"]
[SourceVersionDate "2017.03.02"]
[SourceQuality "1"]

1. e4 d6 2. d4 Nf6 3. Bd3 e5 4. c3 d5 5. dxe5 Nxe4 6. Nf3 Nc5 7. Bc2 Bg4 8. 0-0 Nc6 9. Nbd2 Be7 10. Re1 Qd7 11. b4 Ne6 12. Nb3 Bh5 13. Bf5 Bg6 14. Bh3 Qd8 15. b5 Nb8 16. Nfd4 Nxd4 17. Nxd4 0-0 18. f4 Be4 19. f5 c5 20. f6 cxd4 21. fxe7 Qxe7 22. cxd4 f5 23. exf6 gxf6 24. Bf4 Nd7 25. Qg4+ 1-0

[Event "IBCA EU-chT blind 01st"]
[Site "Warsaw"]
[Date "2016.08.01"]
[Round "9.4"]
[White "Drazetic, Novica"]
[Black "Suder, Ryszard"]
[Result "1/2-1/2"]
[WhiteElo "1621"]
[BlackElo "2142"]
[PlyCount "46"]
[EventDate "2016.07.24"]
[EventType "team-swiss"]
[EventRounds "9"]
[EventCountry "POL"]
[SourceTitle "CBM 173 Extra"]
[Source "ChessBase"]
[SourceDate "2016.08.29"]
[SourceVersion "1"]
[SourceVersionDate "2016.08.29"]
[SourceQuality "1"]
[WhiteTeam "Croatia"]
[BlackTeam "Poland"]
[WhiteTeamCountry "CRO"]
[BlackTeamCountry "POL"]

1. e4 d6 2. d4 Nf6 3. Nc3 g6 4. Nf3 Bg7 5. h3 0-0 6. Be3 c6 7. Bd3 b5 8. 0-0 Nbd7 9. Ne2 Qc7 10. Qd2 Bb7 11. Ng3 Rfe8 12. c3 a6 13. a4 e5 14. a5 d5 15. dxe5 Nxe4 16. Nxe4 dxe4 17. Bxe4 Nxe5 18. Nxe5 Qxe5 19. Bf3 Rad8 20. Qe2 Ba8 21. Rad1 Rxd1 22. Qxd1 h5 23. Qd2 c5 1/2-1/2

[Event "IBCA EU-chT blind 01st"]
[Site "Warsaw"]
[Date "2016.07.31"]
[Round "8.3"]
[White "Suder, Ryszard"]
[Black "Barnowski, Sylwester"]
[Result "1/2-1/2"]
[WhiteElo "2142"]
[BlackElo "1889"]
[PlyCount "41"]
[EventDate "2016.07.24"]
[EventType "team-swiss"]
[EventRounds "9"]
[EventCountry "POL"]
[SourceTitle "CBM 173 Extra"]
[Source "ChessBase"]
[SourceDate "2016.08.29"]
[SourceVersion "1"]
[SourceVersionDate "2016.08.29"]
[SourceQuality "1"]
[WhiteTeam "Poland"]
[BlackTeam "Poland II"]
[WhiteTeamCountry "POL"]
[BlackTeamCountry "POL"]

1. Nf3 d5 2. b3 Nf6 3. Bb2 c5 4. e3 Bg4 5. Be2 Nc6 6. Ne5 Bxe2 7. Qxe2 Nxe5 8. Bxe5 Nd7 9. Bb2 e6 10. d3 Nf6 11. Nd2 Be7 12. 0-0 0-0 13. f4 Nd7 14. e4 d4 15. Nf3 Qc7 16. g3 e5 17. f5 b5 18. g4 Rfc8 19. c3 dxc3 20. Bxc3 f6 21. Rfc1 1/2-1/2

[Event "POL-ch blind"]
[Site "Wagrowiec"]
[Date "2016.06.06"]
[Round "11"]
[White "Suder, Ryszard"]
[Black "Zoltek, Tadeusz"]
[Result "1/2-1/2"]
[WhiteElo "2138"]
[BlackElo "2100"]
[PlyCount "61"]
[EventDate "2016.05.28"]
[EventType "tourn"]
[EventRounds "11"]
[EventCountry "POL"]
[SourceTitle "EXT 2018"]
[Source "ChessBase"]
[SourceDate "2017.10.13"]
[SourceVersion "1"]
[SourceVersionDate "2017.10.13"]
[SourceQuality "1"]

1. Nf3 Nf6 2. g3 d5 3. Bg2 e6 4. d4 Be7 5. c4 0-0 6. 0-0 c6 7. Nbd2 b6 8. Qc2 Bb7 9. e4 Nbd7 10. Re1 dxe4 11. Nxe4 Nxe4 12. Qxe4 Nf6 13. Qc2 c5 14. dxc5 Bxc5 15. Bg5 h6 16. Rad1 Qe7 17. Bxf6 Qxf6 18. Ne5 Bxg2 19. Kxg2 Rfd8 20. Nd7 Qe7 21. Nxc5 Qxc5 22. Qe4 Qc7 23. b3 Rac8 24. Qf3 Qe7 25. Rxd8+ Rxd8 26. Rd1 Rxd1 27. Qxd1 Qa3 28. Qd8+ Kh7 29. Qd3+ g6 30. Qd2 Kg8 31. h4 1/2-1/2